| 000 | 00481nam a2200169 i 4500 | ||
|---|---|---|---|
| 001 | 32554 | ||
| 003 | ES-MaACL | ||
| 005 | 20250701063133.0 | ||
| 007 | t| | ||
| 008 | 030131s1903 fr ||||1| fre d | ||
| 100 | 1 |
_aBernstein, Henry, _d1876-1953 _928358 |
|
| 245 | 1 | 0 |
_aJoujou _b: comédie en trois actes / _cHenry Bernstein. |
| 260 |
_aParis : _b[s.n., _c1903] ( _fL. Maretheux) |
||
| 300 |
_a202 p. ; _c19 cm. |
||
| 852 |
_aES-MaACL _jF-5646 |
||
| 999 |
_c32554 _d32554 |
||